Historia, arte, cultura: de Aby Warburg a Carlo Ginzburg

Guardat en:
Dades bibliogràfiques
Autor principal: Burucúa, José Emilio (Autor)
Format: Llibre
Idioma:espanyol
Publicat: Buenos Aires Fondo de Cultura Económica 2003
Edició:1a. ed
Matèries:
Etiquetes: Afegir etiqueta
Sense etiquetes, Sigues el primer a etiquetar aquest registre!

MARC

LEADER 00000cam a2200000 a 4500
001 UCG9105
003 CL-VaPUC
008 120120e20030000AG |||||||||||||||||spa|d
020 |a 9789505575589 
082 0 4 |a 709  |b BUR  |2 21 
100 0 |a Burucúa, José Emilio  |e author  |9 454828 
245 1 0 |a Historia, arte, cultura: de Aby Warburg a Carlo Ginzburg 
250 |a 1a. ed 
300 |a 199 p 
942 |c BK 
945 |d 20120120 00:00:00  |a dcastane 
260 |a Buenos Aires  |b Fondo de Cultura Económica  |c 2003 
650 7 |a HISTORIA DE LAS ARTES  |2 CL-VaPUC  |9 560504 
583 |a last modification  |c 20130430 05:55:52  |k Rodrigo Vera 
999 |c 346673  |d 346671 
952 |0 0  |1 0  |4 0  |6 709_000000000000000_BUR_2003  |7 0  |8 A  |9 447474  |a BIBART  |b BIBART  |d 2019-11-22  |i 4806549  |l 1  |o 709 BUR 2003  |p 4806549  |r 2025-03-13  |s 2024-06-07  |w 2019-11-22  |y BK  |k ART 
952 |0 0  |1 0  |2 ddc  |4 0  |6 709_000000000000000_BUR_2003  |7 0  |8 A  |9 447475  |a BIBHIS  |b BIBHIS  |d 2019-11-22  |i 4969782  |l 1  |o 709 BUR 2003  |p 4969782  |r 2025-01-20  |s 2020-11-27  |w 2019-11-22  |y BK  |k HIS